000 00708cam a22002531 4500
001 1667
003 BD-RjUL
005 20211208233402.0
008 131208s1962 nyua b 000 0 eng
035 _a(BD-RjUL)1694
035 _a(OCoLC)191680
040 _aDLC
_cODaWU
_dOCoLC
_dUk
_dDLC
_dBD-RjUL
_beng
041 _aeng
082 _a150
_bGEF 1962
100 1 _aGeldard, Frank A.
_q(Frank Arthur),
_d1904-1984.
_95522
245 1 0 _aFundamentals of psychology /
_cFrank A. Geldard
260 _aNew York :
_bWiley,
_cc1962.
300 _a437 p. :
_billus. ;
_c26 cm.
504 _aIncludes bibliography.
650 0 _aPsychology.
_95523
942 _2ddc
_cBK
999 _c1667
_d1667